Fundamentals of Management (Record no. 355224)

MARC details
000 -LEADER
fixed length control field 00519nam a2200181Ia 4500
008 - FIXED-LENGTH DATA ELEMENTS--GENERAL INFORMATION
fixed length control field 230720s9999 xx 000 0 und d
020 ## - INTERNATIONAL STANDARD BOOK NUMBER
International Standard Book Number 9789332574120
041 ## - LANGUAGE CODE
Language code of text/sound track or separate title eng
082 ## - DEWEY DECIMAL CLASSIFICATION NUMBER
Classification number 658
Item number ROB
100 ## - MAIN ENTRY--PERSONAL NAME
Personal name Robbins S.P.
245 ## - TITLE STATEMENT
Title Fundamentals of Management
Remainder of title Essential Concepts And Applications
250 ## - EDITION STATEMENT
Edition statement 9th ed.
260 ## - PUBLICATION, DISTRIBUTION, ETC. (IMPRINT)
Date of publication, distribution, etc. 2017
Name of publisher, distributor, etc. Pearson
300 ## - PHYSICAL DESCRIPTION
Extent 504
365 ## - TRADE PRICE
Currency code Rs.
Price amount 875
700 ## - ADDED ENTRY--PERSONAL NAME
Personal name Robbins S.P.; Coulter M. & Cenzo D.D.
9 (RLIN) 117464
906 ## - LOCAL DATA ELEMENT F, LDF (RLIN)
d O:0793711-Mar-2023B:36009-Mar-2023
c TE
b 1531.25
Holdings
Withdrawn status Lost status Damaged status Not for loan Home library Current library Date acquired Vendor Budget Code Cost, normal purchase price Bill number Total Checkouts Full call number Barcode Date last seen Discount Cost, replacement price Bill Date Koha item type Original Barcode
        Cummins College of Engineering for Women Pune Cummins College of Engineering for Women Pune 11/03/2023 Om Book Stall TE 4593.75 360   658 CCEP-BK-64933 20/07/2023 1531.25 875.00 09/03/2023 Books 064933